[Event "Mumbai Mayors Cup 7th"]
[Site "Mumbai"]
[Date "2014.06.07"]
[Round "8"]
[White "Petrosian, Davit Gevorgi"]
[Black "Krishna, C Revanth Gopala"]
[Result "0-1"]
[WhiteElo "2425"]
[BlackElo "2327"]
[PlyCount "122"]
[EventDate "2014.06.02"]
[EventType "swiss"]
[EventRounds "10"]
[EventCountry "IND"]
[SourceTitle "CBM 160 Extra"]
[Source "ChessBase"]
[SourceDate "2014.07.01"]
[SourceVersion "1"]
[SourceVersionDate "2014.07.01"]
[SourceQuality "1"]

1. e4 e6 2. d4 d5 3. Nc3 Bb4 4. a3 Bxc3+ 5. bxc3 dxe4 6. Qg4 Nf6 7. Qxg7 Rg8 8. Qh6 c5 9. Ne2 Nc6 10. dxc5 Rg6 11. Qd2 Qa5 12. Nd4 Qxc5 13. a4 Nxd4 14. cxd4 Qc7 15. c4 Bd7 16. Qf4 Qb6 17. Qe3 Bc6 18. a5 Qb4+ 19. Qd2 Qd6 20. Ba3 Qc7 21. 0-0-0 0-0-0 22. Kb1 Ng4 23. h3 Ne5 24. Bb2 f5 25. Bc3 Nd3 26. f3 Ba4 27. fxe4 fxe4 28. Re1 Nxe1 29. Qxe1 Rg3 30. Kb2 e3 31. Bd3 Rxg2+ 32. Ka3 Bc6 33. Qxe3 Rg3 34. Qxe6+ Kb8 35. Rd1 Re8 36. Qf5 Rf3 37. Qg4 Ree3 38. Qg8+ Qc8 39. Qxh7 Be4 40. Bxe4 Rxc3+ 41. Kb2 Rb3+ 42. Kc1 Rxh3 43. Qf7 Rhc3+ 44. Kd2 Qd8 45. Qf4+ Ka8 46. Ke1 a6 47. c5 Qxa5 48. Kf2 Rb2+ 49. Kg1 Qa4 50. Bf3 Qe8 51. c6 Qg6+ 52. Kf1 bxc6 53. d5 Rcc2 54. Qf8+ Rb8 55. Qa3 c5 56. d6+ Ka7 57. d7 Qg3 58. Qe3 Rbb2 59. Rd2 Rc1+ 60. Bd1 Rxd1+ 61. Rxd1 Qxe3 0-1

[Event "Mumbai Mayors Cup 7th"]
[Site "Mumbai"]
[Date "2014.06.03"]
[Round "3"]
[White "Petrosian, Davit Gevorgi"]
[Black "Dhulipalla, Bala Chandra Prasad"]
[Result "0-1"]
[WhiteElo "2425"]
[BlackElo "2266"]
[PlyCount "98"]
[EventDate "2014.06.02"]
[EventType "swiss"]
[EventRounds "10"]
[EventCountry "IND"]
[SourceTitle "CBM 160 Extra"]
[Source "ChessBase"]
[SourceDate "2014.07.01"]
[SourceVersion "1"]
[SourceVersionDate "2014.07.01"]
[SourceQuality "1"]

1. e4 Nc6 2. Nf3 d6 3. d4 Nf6 4. Nc3 Bg4 5. d5 Nb8 6. h3 Bxf3 7. Qxf3 g6 8. g4 Bg7 9. h4 h5 10. gxh5 Nxh5 11. Bg5 c6 12. 0-0-0 Nd7 13. dxc6 bxc6 14. Rxd6 f6 15. Rd1 fxg5 16. Bh3 Rf8 17. Qg4 Nhf6 18. Qxg5 Qc7 19. Qxg6+ Rf7 20. Be6 Ne5 21. Bxf7+ Kf8 22. Qg3 Kxf7 23. f4 Bh6 24. Kb1 Rg8 25. Qh3 Bxf4 26. Ne2 Ng6 27. h5 Nf8 28. Qb3+ Ne6 29. Nd4 Qe5 30. Nxc6 Qxe4 31. Qb7 Nc5 32. Qb5 Rg5 33. Rhe1 Be3 34. Nxa7 Rg2 35. Re2 Qd5 36. Rf1 Qf3 37. Rxg2 Qxg2 38. Nc6 Nce4 39. Ne5+ Kg7 40. Re1 Bd4 41. Nd3 Nd2+ 42. Ka1 Nf3 43. Rxe7+ Kh6 44. a3 Qxc2 45. Qb8 Qxd3 46. Ka2 Nd2 47. Qf4+ Kxh5 48. Qh2+ Kg6 49. Qg2+ Kf5 0-1

[Event "EU-ch 15th"]
[Site "Yerevan"]
[Date "2014.03.14"]
[Round "11"]
[White "Petrosian, Davit Gevorgi"]
[Black "Mikaelyan, Arman"]
[Result "1/2-1/2"]
[WhiteElo "2431"]
[BlackElo "2291"]
[PlyCount "117"]
[EventDate "2014.03.03"]
[EventType "swiss"]
[EventRounds "11"]
[EventCountry "ARM"]
[SourceTitle "CBM 160"]
[Source "ChessBase"]
[SourceDate "2014.05.15"]
[SourceVersion "1"]
[SourceVersionDate "2014.05.15"]
[SourceQuality "1"]

1. e4 e5 2. Nf3 Nc6 3. d4 exd4 4. Nxd4 Qf6 5. Nxc6 dxc6 6. Qf3 Qe7 7. Bc4 Be6 8. Bb3 g6 9. Bd2 Bg7 10. Bc3 Nf6 11. Nd2 0-0 12. 0-0 Rad8 13. Rfe1 c5 14. e5 Nd5 15. Ne4 Nxc3 16. Qxc3 c4 17. Bxc4 Bxc4 18. Nf6+ Bxf6 19. exf6 Qc5 20. b3 Rd4 21. bxc4 Rxc4 22. Qf3 Rxc2 23. h4 Qc6 24. Re4 Rc5 25. g4 h5 26. g5 Re5 27. Rae1 Rfe8 28. Rxe5 Rxe5 29. Qd1 Rxe1+ 30. Qxe1 Qd7 31. Qe7 Qc8 32. Kh2 c5 33. f4 c4 34. f5 gxf5 35. g6 Qf8 36. g7 Qb8+ 37. Kh3 Qc8 38. Qe2 f4+ 39. Kh2 f3 40. Qxf3 Qg4 41. Qa3 Qxh4+ 42. Kg2 Qg4+ 43. Kh2 Qf4+ 44. Kg2 Qg4+ 45. Kh2 Qc8 46. Qe7 c3 47. Qe5 c2 48. Qxh5 Qc7+ 49. Kg2 Qc6+ 50. Kh2 Qd6+ 51. Kg2 Qd2+ 52. Kg3 Qd3+ 53. Kf2 Qd4+ 54. Kg2 Qe4+ 55. Kh2 Qf4+ 56. Kg2 Qd2+ 57. Kg3 Qd3+ 58. Kg2 Qh7 59. Qc5 1/2-1/2

[Event "EU-ch 15th"]
[Site "Yerevan"]
[Date "2014.03.10"]
[Round "7"]
[White "Petrosian, Davit Gevorgi"]
[Black "Malakhov, Vladimir"]
[Result "0-1"]
[WhiteElo "2431"]
[BlackElo "2717"]
[PlyCount "150"]
[EventDate "2014.03.03"]
[EventType "swiss"]
[EventRounds "11"]
[EventCountry "ARM"]
[SourceTitle "CBM 160"]
[Source "ChessBase"]
[SourceDate "2014.05.15"]
[SourceVersion "1"]
[SourceVersionDate "2014.05.15"]
[SourceQuality "1"]

1. e4 g6 2. d4 Bg7 3. Nc3 d6 4. f4 a6 5. Nf3 b5 6. Bd3 Nd7 7. e5 Bb7 8. Qe2 Nh6 9. e6 fxe6 10. Ng5 Nf8 11. Bxb5+ c6 12. Bc4 d5 13. Bb3 Nf5 14. Be3 Nxd4 15. Bxd4 Bxd4 16. 0-0-0 Bxc3 17. bxc3 Qd6 18. Qe3 a5 19. Kb2 a4 20. Bc4 Bc8 21. Ka1 Nd7 22. Qxe6 Qxf4 23. Rhf1 Qxg5 24. Qxc6 Rb8 25. Rxd5 Qe3 26. Bb5 Qb6 27. Qxc8+ Rxc8 28. Bxd7+ Kd8 29. Bxa4+ Kc7 30. Rd7+ Kb8 31. Rb1 Qxb1+ 32. Kxb1 Rc7 33. Rd2 e5 34. Re2 Rc5 35. Kc1 Kc7 36. Bb3 Rd8 37. a4 Rd6 38. Re4 h5 39. Bc4 Rf6 40. Be2 Rf4 41. Re3 h4 42. g3 Rxa4 43. Kd2 g5 44. c4 Ra6 45. gxh4 gxh4 46. Re4 Rh6 47. Kc3 Kd6 48. Re3 Rc8 49. Rd3+ Kc7 50. Bf3 Rf8 51. c5 Rhf6 52. Be4 Rf2 53. c6 Rd8 54. Rh3 Rf4 55. Re3 Rd4 56. Bd3 Rd5 57. Kb3 Kd6 58. c4 Rdd4 59. Kc3 Rf2 60. c7 Kxc7 61. Rxe5 Rd8 62. Rc5+ Kb6 63. Rb5+ Ka6 64. Rb1 Rf3 65. Rd1 Kb6 66. Kc2 Kc5 67. Be2 Rxd1 68. Kxd1 Rh3 69. Ke1 Rxh2 70. Kf1 Kd4 71. Bf3 Ke3 72. Bb7 Rc2 73. Bc8 Rf2+ 74. Kg1 Kf3 75. c5 Kg3 0-1

[Event "EU-ch 15th"]
[Site "Yerevan"]
[Date "2014.03.08"]
[Round "6"]
[White "Beliavsky, Alexander G"]
[Black "Petrosian, Davit Gevorgi"]
[Result "1/2-1/2"]
[WhiteElo "2643"]
[BlackElo "2431"]
[PlyCount "71"]
[EventDate "2014.03.03"]
[EventType "swiss"]
[EventRounds "11"]
[EventCountry "ARM"]
[SourceTitle "CBM 160"]
[Source "ChessBase"]
[SourceDate "2014.05.15"]
[SourceVersion "1"]
[SourceVersionDate "2014.05.15"]
[SourceQuality "1"]

1. d4 Nf6 2. c4 g6 3. Nc3 Bg7 4. e4 d6 5. Nf3 0-0 6. Be2 c5 7. 0-0 Re8 8. Be3 Ng4 9. Bg5 h6 10. Bh4 cxd4 11. Nxd4 Bxd4 12. Qxd4 e5 13. Bxd8 exd4 14. Nd5 Rxd8 15. Nc7 Na6 16. Nxa8 d3 17. Bxd3 Be6 18. Be2 Rxa8 19. Rfd1 Nf6 20. Rxd6 Nxe4 21. Rd4 Nec5 22. Rad1 Nb4 23. Rd8+ Rxd8 24. Rxd8+ Kg7 25. a3 Nc6 26. Ra8 a5 27. Bf3 a4 28. Bxc6 bxc6 29. Ra5 Nd3 30. Rxa4 Nxb2 31. Ra6 c5 32. Rc6 Na4 33. Ra6 Nb2 34. Rc6 Na4 35. Ra6 Nb2 36. Rc6 1/2-1/2

[Event "EU-ch 15th"]
[Site "Yerevan"]
[Date "2014.03.07"]
[Round "5"]
[White "Petrosian, Davit Gevorgi"]
[Black "Khismatullin, Denis Rimovich"]
[Result "1/2-1/2"]
[WhiteElo "2431"]
[BlackElo "2714"]
[PlyCount "152"]
[EventDate "2014.03.03"]
[EventType "swiss"]
[EventRounds "11"]
[EventCountry "ARM"]
[SourceTitle "CBM 160"]
[Source "ChessBase"]
[SourceDate "2014.05.15"]
[SourceVersion "1"]
[SourceVersionDate "2014.05.15"]
[SourceQuality "1"]

1. e4 c6 2. d4 d5 3. f3 e6 4. Nc3 Bb4 5. Bf4 Ne7 6. Qd3 0-0 7. Nge2 dxe4 8. fxe4 Ng6 9. Bg3 e5 10. a3 Ba5 11. 0-0-0 Nd7 12. h4 h5 13. Qf3 exd4 14. Rxd4 Bb6 15. Rd1 Qe8 16. Bd6 Nde5 17. Qg3 Bg4 18. Re1 Qe6 19. Bxf8 Rxf8 20. Nf4 Qf6 21. Nxg6 fxg6 22. Nd1 Ba5 23. c3 Bc7 24. Be2 Qd8 25. Qe3 Be6 26. Kb1 Kh7 27. Qd4 Qb8 28. Rhf1 Rd8 29. Qe3 b5 30. Nf2 a5 31. Rd1 b4 32. cxb4 axb4 33. Rxd8 Bxd8 34. axb4 Qxb4 35. Qc3 Qb8 36. Nd3 Bc7 37. Nc5 Qe8 38. Nxe6 Qxe6 39. Rc1 Bd8 40. Bc4 Qd6 41. g3 Nxc4 42. Qxc4 Qxg3 43. Qxc6 Bxh4 44. Qd5 Bg5 45. Rc5 Be3 46. Rb5 h4 47. e5 h3 48. e6 Qh4 49. Qh1 Bg5 50. Rxg5 Qxg5 51. Qxh3+ Kg8 52. Qf3 Qd8 53. Qf7+ Kh7 54. Qd7 Qf6 55. e7 Qf1+ 56. Ka2 Qa6+ 57. Kb3 Qb6+ 58. Kc4 Qa6+ 59. Kc3 Qf6+ 60. Kc2 Qf2+ 61. Kb3 Qb6+ 62. Kc4 Qa6+ 63. Kc5 Qa5+ 64. Kd6 Qb4+ 65. Kc7 Qa5+ 66. Kb8 Qb6+ 67. Qb7 Qe6 68. b4 Qe5+ 69. Kc8 Qe6+ 70. Kd8 Qd6+ 71. Kc8 Qe6+ 72. Kb8 Qe5+ 73. Ka7 Qa1+ 74. Kb6 Qf6+ 75. Ka5 Qa1+ 76. Kb6 Qf6+ 1/2-1/2